25 plus grands ports d'Afrique - Statistiques

Statistiques générales
  • Ce quiz a été pris 26 fois
  • Le résultat moyen est 16 sur 25
Statistiques - réponses
Hint Réponse % Correct
4 Nigeria Apapa / Lagos
92%
2 Afrique du Sud Le Cap
92%
3 Côte d'Ivoire Abidjan
88%
12 Sénégal Dakar
88%
5 Djibouti Djibouti
84%
19 Gabon Libreville
84%
25 Égypte Alexandrie
80%
17 Algérie Alger
76%
14 Angola Luanda
76%
11 Ghana Tema / Accra
76%
18 Libye Tripoli
76%
10 Maroc Tanger
72%
22 Guinée Conakry
68%
6 Tanzanie Dar es Salaam
68%
1 Afrique du Sud Durban
56%
23 Sierra Leone Freetown
56%
24 Togo Lomé
56%
21 Somalie Mogadiscio
56%
13 Cameroun Douala
52%
9 Égypte Port-Saïd
44%
15 Congo Pointe-Noire
36%
16 Soudan Port-Soudan
36%
7 Mozambique Beira
20%
8 Namibie Walvis Bay
20%
20 République Démocratique du Congo Matadi
12%
Aucun quiz correspondant
Distribution des résultats
% des personnes avec chaque résultat
Percentile par nombre de réponses
Votre historique - résultats
Vous n’avez pas pris ce quiz